Peformance Management (Record no. 43115)

MARC details
000 -LEADER
fixed length control field 00294nam a2200121Ia 4500
008 - FIXED-LENGTH DATA ELEMENTS--GENERAL INFORMATION
fixed length control field 241028s9999 xx 000 0 und d
041 ## - LANGUAGE CODE
Language code of text/sound track or separate title eng
082 ## - DEWEY DECIMAL CLASSIFICATION NUMBER
Classification number 658.3 AUG
100 ## - MAIN ENTRY--PERSONAL NAME
Personal name Aguinis, Herma
245 ## - TITLE STATEMENT
Title Peformance Management
260 ## - PUBLICATION, DISTRIBUTION, ETC.
Name of publisher, distributor, etc. Sage Pub
Place of publication, distribution, etc. Chicago
Date of publication, distribution, etc. 2019
300 ## - PHYSICAL DESCRIPTION
Extent 381;. P. 23 Cm

No items available.

Designed & Maintained by: LRC IMT Nagpur Contact: lrc@imtnag.ac.in© 2024. All Rights Reserved.